Chỉ là chuyện thường tình
保存先:
| 第一著者: | |
|---|---|
| フォーマット: | 図書 |
| 言語: | Undetermined |
| 出版事項: |
Thành phố Hồ Chí Minh
Tổng hợp Thành phố Hồ Chí Minh
2012
|
| 主題: | |
| タグ: |
タグ追加
タグなし, このレコードへの初めてのタグを付けませんか!
|
| Thư viện lưu trữ: | Trung tâm Học liệu Trường Đại học Cần Thơ |
|---|
| LEADER | 00694nam a2200205Ia 4500 | ||
|---|---|---|---|
| 001 | CTU_210672 | ||
| 008 | 210402s9999 xx 000 0 und d | ||
| 020 | |c 70000 | ||
| 082 | |a 895.136 | ||
| 082 | |b T120 | ||
| 100 | |a Tâm Văn | ||
| 245 | 0 | |a Chỉ là chuyện thường tình | |
| 245 | 0 | |c Tâm Văn ; Lê Thanh Quỳnh (dịch) | |
| 260 | |a Thành phố Hồ Chí Minh | ||
| 260 | |b Tổng hợp Thành phố Hồ Chí Minh | ||
| 260 | |c 2012 | ||
| 650 | |a Tiểu thuyết Trung Quốc,Chinese fiction | ||
| 650 | |y Thế kỷ 21,21st century | ||
| 904 | |i Võ Thị Việt Trinh,Hải | ||
| 980 | |a Trung tâm Học liệu Trường Đại học Cần Thơ | ||